Arte y tecnología del vidrio (Record no. 708)

MARC details
000 -CABECERA
campo de control de longitud fija 00902nam a2200217 a 4500
001 - NÚMERO DE CONTROL
campo de control BRCA_813
005 - FECHA Y HORA DE LA ÚLTIMA TRANSACCIÓN
campo de control 20190320203148.0
008 - DATOS DE LONGITUD FIJA--INFORMACIÓN GENERAL
campo de control de longitud fija 960830s1991 sp-a---##b---#000-0#spa-#
020 ## - NÚMERO INTERNACIONAL ESTÁNDAR DEL LIBRO
Número Internacional Estándar del Libro 8488044003
040 ## - FUENTE DE LA CATALOGACIÓN
Centro catalogador/agencia de origen DLC
Centro/agencia transcriptor DLC
Centro/agencia modificador DLC
050 #4 - SIGNATURA TOPOGRÁFICA DE LA BIBLIOTECA DEL CONGRESO
Número de clasificación NK5205.R4
Número de documento/Ítem .A78 1991
245 10 - MENCIÓN DE TÍTULO
Título Arte y tecnología del vidrio
Resto del título Real Fábrica de Cristales de la Granja
Mención de responsabilidad, etc. textos Víctor Manuel Nieto Alcaide ... [et al.].
260 ## - PUBLICACIÓN, DISTRIBUCIÓN, ETC.
Lugar de publicación, distribución, etc. San Ildefonso, Segovia
Nombre del editor, distribuidor, etc. Fundación Centro Nacional del Vidrio : Real Fábrica de Cristales de la Granja : Caja España
Fecha de publicación, distribución, etc. 1991
300 ## - DESCRIPCIÓN FÍSICA
Extensión 141 p.
Otras características físicas il. a color
Dimensiones 30 cm.
500 ## - NOTA GENERAL
Nota general Estado físico: encuadernado, enero 2016
504 ## - NOTA DE BIBLIOGRAFÍA, ETC.
Nota de bibliografía, etc. Incluye referencias bibliográficas
610 24 - PUNTO DE ACCESO ADICIONAL DE MATERIA--NOMBRE DE ENTIDAD CORPORATIVA
Nombre de entidad corporativa o nombre de jurisdicción como elemento de entrada Real Fábrica de Cristales de San Ildefonso
Subdivisión general Exposiciones
9 (RLIN) 2708
650 14 - PUNTO DE ACCESO ADICIONAL DE MATERIA--TÉRMINO DE MATERIA
Término de materia o nombre geográfico como elemento de entrada Cristalería
Subdivisión general Historia
Subdivisión cronológica Siglo XVIII
Subdivisión geográfica España
9 (RLIN) 2709
700 1# - PUNTO DE ACCESO ADICIONAL--NOMBRE DE PERSONA
Nombre de persona Nieto Alcaide, Víctor Manuel
9 (RLIN) 2710
942 ## - ELEMENTOS DE PUNTO DE ACCESO ADICIONAL (KOHA)
Fuente del sistema de clasificación o colocación Library of Congress Classification
Tipo de ítem Koha Libros
Holdings
Estado de retiro Estado de pérdida Estado dañado No para préstamo Localización permanente Ubicación/localización actual Fecha de adquisición Total de préstamos Signatura topográfica completa Código de barras Fecha visto por última vez Precio válido a partir de Tipo de ítem Koha
El ejemplar forma parte de la colección y puede ser consultado según las políticas vigentes.       Biblioteca del Museo Franz Mayer (Rogerio Casas-Alatriste) Biblioteca del Museo Franz Mayer (Rogerio Casas-Alatriste) 26/06/2008   NK5205.R4 .A78 1991 01286 22/03/2019 22/03/2019 Libros